000 00814nas a2200265 4500
001 BR2016004544
003 BR-BrBNA
005 20231205130802.0
007 ta
008 230509b bl.|||p| |||| 00| 00por d
040 _aBR-BrBNA
_bpor
_cBiblioteca Nacional de Agricultura
041 _a(Pt)
072 _aL53; L40
100 1 _aJaneiro-Cinquini, T.R.F.
245 1 _aVariação anual do sistema reprodutor de fêmeas de Bothrops jararaca (Serpentes, Viperidae)
650 _aRÉPTIL
650 _aCOBRA
650 _aREPRODUÇÃO ANIMAL
650 _aFÊMEA
650 _aOVÁRIO
650 _aMORFOLOGIA ANIMAL
773 0 _tIheringia. Série Zoologia (Brazil)
_xISSN 0073-4721
_g(Sep 2004), v. 94(3) p. 325-328
_wBR2016004544
909 _a202311
_bLúcia
_c55
_dLúcia Elande
942 _2AGRIS
_n0
_cANA
999 _c251224
_d251224